000 00588nam a22001937a 4500
005 20260515114905.0
008 210820b ||||| |||| 00| 0 eng d
020 _a9788192925998
040 _aIN-DiNC
_cIN-DiNC
041 _dasm
082 _a891.4514
_bRAB
100 _aRabha, Lalit Chandra
_eauthor
245 _aBhasa sahitya sanskritir samiksha/
_cBy Lalit Chandra Rabha
250 _a1st ed.
260 _aGuwahati:
_bDogo Rangsang Research Society,
_bAnushka publication,
_c2016
300 _ax, 279p.
650 _aLanguage, literature and culture of Assam
942 _2ddc
_cBK
999 _c11175
_d11175